[Event "ITA-ch qual"]
[Site "Saint Vincent"]
[Date "2008.07.25"]
[Round "7"]
[White "Crea, Vincenzo"]
[Black "Chiarotto, Filippo"]
[Result "1-0"]
[WhiteElo "2030"]
[BlackElo "2096"]
[PlyCount "78"]
[EventDate "2008.07.19"]
[EventType "swiss"]
[EventRounds "9"]
[EventCountry "ITA"]
[SourceTitle "EXT 2009"]
[Source "ChessBase"]
[SourceDate "2008.11.26"]
[SourceVersion "1"]
[SourceVersionDate "2008.11.26"]
[SourceQuality "1"]

1. d4 Nf6 2. Nf3 e6 3. Bf4 Nc6 4. e3 d6 5. h3 g6 6. Be2 Bg7 7. 0-0 0-0 8. c4 Qe7 9. Nc3 h6 10. Bh2 Bd7 11. a3 a6 12. Re1 Rae8 13. b4 Nh7 14. Rc1 Nb8 15. a4 f5 16. b5 g5 17. Nd2 Nf6 18. c5 e5 19. cxd6 cxd6 20. Nc4 f4 21. dxe5 dxe5 22. Qd6 Kh8 23. e4 g4 24. hxg4 Bxg4 25. Bxg4 Nxg4 26. Qxe7 Rxe7 27. Nd5 Ref7 28. f3 Nxh2 29. Kxh2 Rd8 30. Red1 Rfd7 31. Ncb6 Rf7 32. Rc3 Kh7 33. Rdc1 Kg6 34. Rc7 Nd7 35. Rxb7 Nxb6 36. Rxb6+ Kh5 37. Rxa6 Rg8 38. Rc7 Rxc7 39. Nxc7 Rd8 1-0

[Event "ITA-ch qual"]
[Site "Saint Vincent"]
[Date "2008.07.22"]
[Round "4"]
[White "Viglino, Antonio"]
[Black "Crea, Vincenzo"]
[Result "1/2-1/2"]
[WhiteElo "1862"]
[BlackElo "2030"]
[PlyCount "32"]
[EventDate "2008.07.19"]
[EventType "swiss"]
[EventRounds "9"]
[EventCountry "ITA"]
[SourceTitle "EXT 2009"]
[Source "ChessBase"]
[SourceDate "2008.11.26"]
[SourceVersion "1"]
[SourceVersionDate "2008.11.26"]
[SourceQuality "1"]

1. d4 d5 2. Nf3 Nf6 3. c4 c6 4. Nc3 a6 5. e3 Bf5 6. Nh4 Bg6 7. Nxg6 hxg6 8. c5 Nbd7 9. Bd3 Qc7 10. f4 e6 11. Bd2 Be7 12. Qe2 g5 13. fxg5 Nh5 14. 0-0-0 Bxg5 15. e4 Nf4 16. Bxf4 Bxf4+ 1/2-1/2

[Event "Arco op 29th"]
[Site "Arco"]
[Date "2007.10.21"]
[Round "2"]
[White "Crea, Vincenzo"]
[Black "McClement, Andrew"]
[Result "0-1"]
[WhiteElo "2042"]
[BlackElo "1594"]
[PlyCount "32"]
[EventDate "2007.10.20"]
[EventType "swiss"]
[EventRounds "9"]
[EventCountry "ITA"]
[SourceTitle "CBM 120 Extra"]
[Source "ChessBase"]
[SourceDate "2007.11.01"]
[SourceVersion "1"]
[SourceVersionDate "2007.11.01"]
[SourceQuality "1"]

1. d4 Nf6 2. Nf3 d5 3. Bf4 c5 4. c3 Nc6 5. e3 Qb6 6. Qb3 c4 7. Qc2 Bf5 8. Qc1 e6 9. Nbd2 Be7 10. Be2 0-0 11. b3 cxb3 12. axb3 Rfc8 13. 0-0 Nb4 14. Ne5 Nc2 15. Ra2 Rxc3 16. e4 Nxd4 0-1

[Event "Arco op 28th"]
[Site "Arco"]
[Date "2006.10.28"]
[Round "8"]
[White "Antoniacci, Ricardo"]
[Black "Crea, Vincenzo"]
[Result "1-0"]
[WhiteElo "1969"]
[BlackElo "2092"]
[PlyCount "93"]
[EventDate "2006.10.21"]
[EventType "swiss"]
[EventRounds "9"]
[EventCountry "ITA"]
[SourceTitle "EXT 2024"]
[Source "ChessBase"]
[SourceDate "2023.10.10"]
[SourceVersion "1"]
[SourceVersionDate "2023.10.10"]
[SourceQuality "1"]

1. e4 e6 2. d4 d5 3. Nd2 dxe4 4. Nxe4 Qd5 5. Bd3 Nf6 6. Nxf6+ gxf6 7. Nf3 Nc6 8. Bf4 Bd6 9. c4 Qa5+ 10. Bd2 Bb4 11. Be4 Bd7 12. a3 Bxd2+ 13. Qxd2 Qxd2+ 14. Kxd2 0-0-0 15. Kc3 Rhg8 16. g3 f5 17. Bc2 f6 18. d5 Ne5 19. Nd4 exd5 20. cxd5 f4 21. Bxh7 Rh8 22. Be4 Ng4 23. f3 Nf2 24. Rhf1 Rxh2 25. gxf4 Nh3 26. f5 Nf4 27. Rh1 Rhh8 28. Ne6 Bxe6 29. Rxh8 Nxd5+ 30. Bxd5 Bxd5 31. Rxd8+ Kxd8 32. Rf1 Ke7 33. Kd4 Kd6 34. b4 a6 35. Re1 b5 36. Re8 Bc4 37. Rd8+ Ke7 38. Ra8 c6 39. Ke4 Bd5+ 40. Kf4 Kd6 41. Rxa6 Bb3 42. Ra8 Ke7 43. Ra7+ Kd6 44. Rh7 Bc4 45. Rh6 Ke7 46. Ke3 Bb3 47. Kd4 1-0

[Event "Arco op 28th"]
[Site "Arco"]
[Date "2006.10.24"]
[Round "4"]
[White "Bondielli, Giorgio"]
[Black "Crea, Vincenzo"]
[Result "1-0"]
[WhiteElo "1986"]
[BlackElo "2092"]
[PlyCount "75"]
[EventDate "2006.10.21"]
[EventType "swiss"]
[EventRounds "9"]
[EventCountry "ITA"]
[SourceTitle "EXT 2007"]
[Source "ChessBase"]
[SourceDate "2006.11.23"]
[SourceVersion "1"]
[SourceVersionDate "2006.11.23"]
[SourceQuality "1"]

1. e4 e6 2. d4 d5 3. e5 c5 4. c3 Nc6 5. Nf3 Qb6 6. Bd3 cxd4 7. cxd4 Bd7 8. 0-0 Nb4 9. Be2 Bb5 10. Bxb5+ Qxb5 11. Nc3 Qd7 12. Be3 Ne7 13. Rc1 Nc8 14. Qe2 Nb6 15. Nd2 Be7 16. a3 Nc6 17. Qg4 g6 18. Bh6 Qd8 19. Be3 a6 20. Ne2 Na5 21. Rc2 Rc8 22. Rxc8 Qxc8 23. Rc1 Qd8 24. Rc2 Nac4 25. Nxc4 Nxc4 26. Qf3 Qa5 27. h3 Qe1+ 28. Kh2 Qb1 29. Rxc4 dxc4 30. Qxb7 h6 31. Nc3 Qd3 32. Ne4 Kf8 33. Nf6 Qb3 34. Qc8+ Kg7 35. Bxh6+ Kxh6 36. Qxh8+ Kg5 37. g3 Qf3 38. h4+ 1-0

[Event "Arco op 28th"]
[Site "Arco"]
[Date "2006.10.23"]
[Round "3"]
[White "Crea, Vincenzo"]
[Black "Pieri, Enzo"]
[Result "1-0"]
[WhiteElo "2092"]
[BlackElo "1931"]
[PlyCount "77"]
[EventDate "2006.10.21"]
[EventType "swiss"]
[EventRounds "9"]
[EventCountry "ITA"]
[SourceTitle "EXT 2007"]
[Source "ChessBase"]
[SourceDate "2006.11.23"]
[SourceVersion "1"]
[SourceVersionDate "2006.11.23"]
[SourceQuality "1"]

1. d4 d5 2. Nf3 Nf6 3. Bf4 g6 4. e3 Bg7 5. h3 0-0 6. c3 Nbd7 7. Be2 Re8 8. 0-0 Nf8 9. Nbd2 Ne6 10. Bh2 h5 11. Ne5 Ng5 12. f3 Bf5 13. g4 hxg4 14. hxg4 Be6 15. Kg2 Nd7 16. Nd3 f5 17. Nf4 Kf7 18. Bg3 Rh8 19. Qc2 Nf6 20. Nxe6 Kxe6 21. gxf5+ gxf5 22. Bd3 Rh6 23. Bxf5+ Kf7 24. Bf4 e6 25. Bxg5 exf5 26. Qxf5 Rg6 27. Kf2 Qd6 28. Bf4 Qe7 29. Rg1 Rxg1 30. Rxg1 Rh8 31. Qg6+ Kf8 32. Be5 Rh6 33. Qf5 c6 34. Qc8+ Kf7 35. Qf5 Kf8 36. Qf4 Kf7 37. Rg2 Ke8 38. Qg5 Kf8 39. Nf1 1-0

[Event "Arco op 27th"]
[Site "Arco"]
[Date "2005.10.28"]
[Round "7"]
[White "Crea, Vincenzo"]
[Black "Trauth, Michael"]
[Result "1-0"]
[WhiteElo "2082"]
[BlackElo "2225"]
[PlyCount "87"]
[EventDate "2005.10.22"]
[EventType "swiss"]
[EventRounds "9"]
[EventCountry "ITA"]
[SourceTitle "EXT 2006"]
[Source "ChessBase"]
[SourceDate "2005.11.24"]
[SourceVersion "1"]
[SourceVersionDate "2005.11.24"]
[SourceQuality "1"]

1. d4 Nf6 2. Nf3 c5 3. c3 e6 4. Bf4 cxd4 5. cxd4 Qb6 6. Qc2 Nc6 7. e3 Nb4 8. Qb3 Nbd5 9. Bg3 Bb4+ 10. Nfd2 Ne4 11. Bd3 f5 12. Ke2 Nxd2 13. Nxd2 f4 14. Nc4 Qc7 15. exf4 Bd6 16. Ne5 0-0 17. f5 Nb4 18. fxe6 dxe6 19. Nc4 Bxg3 20. hxg3 Nxd3 21. Qxd3 g6 22. Ne5 b6 23. Rac1 Qg7 24. Rh4 a5 25. Ke1 Bb7 26. f3 Rfd8 27. Qe3 Rac8 28. Rxc8 Rxc8 29. Rf4 Rc7 30. Qb3 Bd5 31. Qxb6 h5 32. Qb8+ Kh7 33. Qxc7 Qxc7 34. Rf7+ Qxf7 35. Nxf7 Bxa2 36. Kd2 Kg7 37. Ne5 g5 38. Kc3 Bd5 39. Nc4 h4 40. gxh4 gxh4 41. Ne5 Kf6 42. Kd2 Kf5 43. Ke3 Bb7 44. Nc4 1-0

[Event "Arco op 27th"]
[Site "Arco"]
[Date "2005.10.26"]
[Round "5"]
[White "Crea, Vincenzo"]
[Black "Marchand, Francois"]
[Result "1-0"]
[WhiteElo "2082"]
[BlackElo "2269"]
[PlyCount "85"]
[EventDate "2005.10.22"]
[EventType "swiss"]
[EventRounds "9"]
[EventCountry "ITA"]
[SourceTitle "EXT 2006"]
[Source "ChessBase"]
[SourceDate "2005.11.24"]
[SourceVersion "1"]
[SourceVersionDate "2005.11.24"]
[SourceQuality "1"]

1. d4 d5 2. Nf3 Nc6 3. Bf4 Bg4 4. Nbd2 e6 5. c3 Nf6 6. e3 Bd6 7. Qb3 Rb8 8. Bd3 0-0 9. Qc2 Bxf4 10. exf4 Ne7 11. Ne5 Bf5 12. 0-0 Qd6 13. g3 c5 14. dxc5 Qxc5 15. Nb3 Qc7 16. Nd4 Bxd3 17. Qxd3 b5 18. Rac1 Qb6 19. Rfe1 Rfd8 20. Re2 Ne4 21. Kg2 a6 22. Rce1 Rbc8 23. f3 Nc5 24. Qd2 a5 25. b4 Na4 26. Nxf7 Kxf7 27. Rxe6 Nc6 28. Qd3 Kg8 29. Nf5 Qb7 30. Nd6 Rxd6 31. Rxd6 Ne7 32. Qe3 Re8 33. Qe6+ Kf8 34. Rd7 Qc8 35. Rxe7 Qxe6 36. R7xe6 Rd8 37. bxa5 Nxc3 38. a6 d4 39. a7 d3 40. Re8+ Rxe8 41. Rxe8+ Kxe8 42. a8Q+ Kd7 43. Qa7+ 1-0

[Event "Valdostano-ch op 25th"]
[Site "Saint Vincent"]
[Date "2001.09.20"]
[Round "6"]
[White "Aurel, Luc"]
[Black "Crea, Vincenzo"]
[Result "1-0"]
[WhiteElo "2212"]
[BlackElo "2087"]
[PlyCount "83"]
[EventDate "2001.09.15"]
[EventType "swiss"]
[EventRounds "9"]
[EventCountry "ITA"]
[SourceTitle "EXT 2002"]
[Source "ChessBase"]
[SourceDate "2001.11.25"]
[SourceVersion "1"]
[SourceVersionDate "2001.11.25"]
[SourceQuality "1"]

1. e4 e6 2. d3 d5 3. Nd2 Nf6 4. g3 c5 5. Bg2 Nc6 6. Ngf3 Be7 7. 0-0 0-0 8. Re1 b5 9. h4 a5 10. e5 Nd7 11. Nf1 b4 12. Bf4 Ba6 13. N1h2 a4 14. a3 bxa3 15. bxa3 Rb8 16. Ng5 h6 17. Qh5 Nd4 18. Red1 hxg5 19. hxg5 g6 20. Qh4 Nf5 21. Qg4 Kg7 22. Re1 Rb6 23. Bc1 Rh8 24. Qxa4 c4 25. dxc4 Bxc4 26. Qa5 Bxg5 27. Qc3 Bxc1 28. Raxc1 Qc8 29. Ng4 Ba6 30. Qd2 Qc4 31. Ne3 Nxe3 32. Qxe3 Qc5 33. Qf4 Rb2 34. g4 Rc8 35. c4 Bxc4 36. Re3 Qe7 37. Bf1 Nb6 38. Rh3 Rh8 39. Rxh8 Kxh8 40. Rc3 Qf8 41. Qf6+ Kh7 42. Rh3+ 1-0

[Event "Toscolano op"]
[Site "Toscolano"]
[Date "1997.??.??"]
[Round "?"]
[White "Arlandi, Ennio"]
[Black "Crea, Vincenzo"]
[Result "1/2-1/2"]
[WhiteElo "2470"]
[BlackElo "2160"]
[PlyCount "98"]
[EventDate "1997.??.??"]
[EventType "swiss"]
[EventRounds "9"]
[EventCountry "ITA"]
[SourceTitle "EXT 2000"]
[Source "ChessBase"]
[SourceDate "1999.11.16"]
[SourceVersion "1"]
[SourceVersionDate "1999.11.16"]
[SourceQuality "1"]

1. d4 d5 2. c4 c6 3. Nc3 Nf6 4. e3 a6 5. Nf3 b5 6. cxd5 cxd5 7. Ne5 e6 8. Bd2 Bd6 9. a4 b4 10. Na2 a5 11. Bb5+ Bd7 12. Nxd7 Nbxd7 13. 0-0 0-0 14. Qe2 Ne4 15. Be1 Be7 16. f3 Nd6 17. Bd3 Qb6 18. Nc1 Rfc8 19. Nb3 Ra7 20. Bf2 Nc4 21. e4 Qd8 22. Rfc1 Rac7 23. f4 Bf8 24. f5 Rc6 25. fxe6 fxe6 26. exd5 exd5 27. Bf5 Kh8 28. Nc5 Nxc5 29. dxc5 R8c7 30. b3 Nd6 31. Bd3 Ne4 32. Bxe4 dxe4 33. Qxe4 Bxc5 34. Kh1 Qe7 35. Qd5 h6 36. Re1 Qf6 37. Bxc5 Rxc5 38. Re8+ Kh7 39. Qg8+ Kg6 40. Rae1 Rc1 41. h3 Rxe1+ 42. Rxe1 Re7 43. Rc1 Qe6 44. Qd8 Qe5 45. Qd3+ Kf7 46. Qf3+ Kg8 47. Rd1 Qe4 48. Qf2 Re5 49. Rf1 Kh7 1/2-1/2

[Event "Toscolano op"]
[Site "Toscolano"]
[Date "1997.??.??"]
[Round "?"]
[White "Crea, Vincenzo"]
[Black "Di Lazzaro, Gabriele"]
[Result "1-0"]
[WhiteElo "2160"]
[BlackElo "2095"]
[PlyCount "111"]
[EventDate "1997.??.??"]
[EventType "swiss"]
[EventRounds "9"]
[EventCountry "ITA"]
[SourceTitle "EXT 2000"]
[Source "ChessBase"]
[SourceDate "1999.11.16"]
[SourceVersion "1"]
[SourceVersionDate "1999.11.16"]
[SourceQuality "1"]

1. d4 Nf6 2. Nf3 g6 3. Bf4 Bg7 4. e3 0-0 5. Be2 d6 6. h3 c5 7. c3 cxd4 8. exd4 Nc6 9. 0-0 Re8 10. a4 e5 11. dxe5 dxe5 12. Qxd8 Rxd8 13. Bxe5 Nxe5 14. Nxe5 Re8 15. f4 Ne4 16. Bb5 Re7 17. Rd1 Be6 18. Nd2 Nd6 19. Bf1 Nf5 20. Kf2 Rd8 21. Ndc4 Rxd1 22. Rxd1 Re8 23. g4 Ne7 24. Ne3 Bb3 25. Rd7 Bxa4 26. Rxb7 Bxe5 27. fxe5 Nc6 28. b3 Nd8 29. Rb8 Bc6 30. Bg2 Bxg2 31. Kxg2 Kf8 32. Kf3 Nc6 33. Rxe8+ Kxe8 34. Ke4 Ke7 35. Nd5+ Kd8 36. b4 a6 37. g5 Kc8 38. Nf6 Ne7 39. Nxh7 Kc7 40. Nf6 Nf5 41. Nd5+ Kc6 42. Nf4 Kb5 43. e6 Kc4 44. Ke5 fxe6 45. Nxe6 Kxc3 46. Nc5 Kxb4 47. Nxa6+ Kb5 48. Nc7+ Kc6 49. Ne6 Nh4 50. Nf8 Kc7 51. Kf6 Kd8 52. Nxg6 Ng2 53. h4 Ne3 54. h5 Nd5+ 55. Kg7 Nc7 56. h6 1-0

[Event "Toscolano op"]
[Site "Toscolano"]
[Date "1997.??.??"]
[Round "?"]
[White "Crea, Vincenzo"]
[Black "Efimov, Igor"]
[Result "0-1"]
[WhiteElo "2160"]
[BlackElo "2530"]
[PlyCount "63"]
[EventDate "1997.??.??"]
[EventType "swiss"]
[EventRounds "9"]
[EventCountry "ITA"]
[SourceTitle "EXT 2000"]
[Source "ChessBase"]
[SourceDate "1999.11.16"]
[SourceVersion "1"]
[SourceVersionDate "1999.11.16"]
[SourceQuality "1"]

1. d4 Nf6 2. Nf3 g6 3. Bf4 Bg7 4. e3 0-0 5. Be2 d6 6. h3 Nc6 7. 0-0 Qe8 8. c4 e5 9. Bh2 Ne4 10. dxe5 dxe5 11. Nfd2 Nc5 12. Nc3 Ne6 13. a3 f5 14. b4 e4 15. Rc1 a5 16. Qb3 axb4 17. axb4 Qd8 18. Rfd1 Qg5 19. c5 Kh8 20. Bc4 Re8 21. Bf1 Ne5 22. Kh1 Qh6 23. Nc4 Nxc4 24. Qxc4 c6 25. Ra1 Rxa1 26. Rxa1 g5 27. Rd1 Qf6 28. Na4 Nf8 29. Qc2 Be6 30. Qd2 Bb3 31. Nb6 Bxd1 32. Qxd1 0-1

[Event "Asti op 18th"]
[Site "Asti"]
[Date "1997.??.??"]
[Round "?"]
[White "Crea, Vincenzo"]
[Black "Nurkic, Sahbaz"]
[Result "0-1"]
[WhiteElo "2160"]
[BlackElo "2395"]
[PlyCount "72"]
[EventDate "1997.??.??"]
[EventType "swiss"]
[EventRounds "9"]
[EventCountry "ITA"]
[SourceTitle "EXT 2000"]
[Source "ChessBase"]
[SourceDate "1999.11.16"]
[SourceVersion "1"]
[SourceVersionDate "1999.11.16"]
[SourceQuality "1"]

1. d4 g6 2. Nf3 Bg7 3. Bf4 Nf6 4. e3 0-0 5. Be2 d6 6. h3 b6 7. Nbd2 Bb7 8. c3 Nbd7 9. Qb1 c5 10. 0-0 Qc7 11. a4 a6 12. Rd1 Bc6 13. Bh2 Qb7 14. b4 Rfc8 15. b5 axb5 16. axb5 Be4 17. Nxe4 Nxe4 18. Rc1 cxd4 19. cxd4 Nc3 20. Qb2 Rxa1 21. Rxa1 Nxe2+ 22. Qxe2 Qd5 23. Bg3 Qb3 24. Ne1 Nf6 25. Qd3 Qd5 26. Ra6 Rc1 27. f3 Nd7 28. Ra7 Nf8 29. Ra6 Qb7 30. Qa3 Rc7 31. Nd3 Qc8 32. Nb4 Rc1+ 33. Kh2 Qc4 34. Nd5 Qf1 35. Nxe7+ Kh8 36. Bxd6 Rc2 0-1

[Event "Toscolano op"]
[Site "Toscolano"]
[Date "1997.??.??"]
[Round "?"]
[White "Duarte, Riccardo"]
[Black "Crea, Vincenzo"]
[Result "0-1"]
[WhiteElo "2010"]
[BlackElo "2160"]
[PlyCount "96"]
[EventDate "1997.??.??"]
[EventType "swiss"]
[EventRounds "9"]
[EventCountry "ITA"]
[SourceTitle "EXT 2000"]
[Source "ChessBase"]
[SourceDate "1999.11.16"]
[SourceVersion "1"]
[SourceVersionDate "1999.11.16"]
[SourceQuality "1"]

1. e4 e6 2. d4 d5 3. exd5 exd5 4. Bd3 Nc6 5. Ne2 Nb4 6. Bf4 Nxd3+ 7. Qxd3 Ne7 8. Nd2 c6 9. Nf3 Bf5 10. Qb3 Qb6 11. Qxb6 axb6 12. c3 Nc8 13. Ng3 Bg6 14. 0-0 f6 15. Rfe1+ Kd7 16. Nh4 Bd6 17. Nxg6 hxg6 18. Ne2 g5 19. Bxd6 Nxd6 20. a3 Nc4 21. Rab1 Rhe8 22. f3 Re7 23. Kf2 Rae8 24. a4 Ne3 25. Ng3 g6 26. Nf1 Nc4 27. Rxe7+ Rxe7 28. b3 Nd6 29. Ne3 b5 30. Ng4 Re6 31. a5 Nf7 32. Ra1 Kc7 33. a6 bxa6 34. Rxa6 Kb7 35. Ra1 f5 36. Ne3 Nd6 37. Re1 Re8 38. Nxf5 gxf5 39. Rxe8 Nxe8 40. Kg3 Ng7 41. h4 gxh4+ 42. Kxh4 Ne6 43. g4 fxg4 44. Kxg4 b4 45. cxb4 Nxd4 46. f4 Kc7 47. f5 Kd6 48. Kg5 Ke5 0-1

[Event "Arco op 18th"]
[Site "Arco"]
[Date "1996.10.29"]
[Round "3.16"]
[White "Rossi, Giampiero"]
[Black "Crea, Vincenzo"]
[Result "1-0"]
[WhiteElo "2105"]
[BlackElo "2195"]
[PlyCount "46"]
[EventDate "1996.10.28"]
[EventType "swiss"]
[EventRounds "9"]
[EventCountry "ITA"]
[SourceTitle "EXT 2023"]
[Source "ChessBase"]
[SourceDate "2022.10.05"]
[SourceVersion "1"]
[SourceVersionDate "2022.10.05"]
[SourceQuality "1"]

1. d4 d5 2. c4 c6 3. cxd5 cxd5 4. Nc3 Nc6 5. Nf3 Nf6 6. Bf4 e6 7. e3 a6 8. Bd3 Be7 9. h3 b5 10. 0-0 Bb7 11. Qe2 0-0 12. a4 b4 13. Na2 Qb6 14. Nc1 Na5 15. Nd2 Rfc8 16. Ncb3 Nxb3 17. Nxb3 a5 18. Rfc1 Bc6 19. Nd2 Be8 20. Qd1 Qb7 21. b3 Nd7 22. Ra2 f6 23. Rac2 Bg6 1-0

[Event "Turin op"]
[Site "Turin"]
[Date "1996.??.??"]
[Round "5"]
[White "Crea, Vincenzo"]
[Black "Lanzani, Mario"]
[Result "0-1"]
[WhiteElo "2195"]
[BlackElo "2355"]
[PlyCount "60"]
[EventDate "1996.12.??"]
[EventType "swiss"]
[EventRounds "9"]
[EventCountry "ITA"]
[SourceTitle "EXT 1998"]
[Source "ChessBase"]
[SourceDate "1997.11.17"]
[SourceVersion "1"]
[SourceVersionDate "1997.11.17"]
[SourceQuality "1"]

1. d4 f5 2. Nf3 Nf6 3. Bf4 g6 4. e3 Bg7 5. Bc4 e6 6. c3 b6 7. Nbd2 Bb7 8. a4 a5 9. h3 h6 10. Qe2 g5 11. Bg3 Nc6 12. Ne5 Ne7 13. f3 f4 14. Bh2 fxe3 15. Qxe3 0-0 16. 0-0 Nfd5 17. Qe1 Nf5 18. Bxd5 exd5 19. Qb1 d6 20. Ng4 c5 21. dxc5 bxc5 22. Re1 Qd7 23. Ne3 Nxe3 24. Rxe3 d4 25. Rd3 Ba6 26. c4 d5 27. Qc2 Qf5 28. Rc1 Rfe8 29. Rb3 Qxc2 30. Rxc2 Re2 0-1

[Event "Turin op"]
[Site "Turin"]
[Date "1996.??.??"]
[Round "8"]
[White "Mikhalevski, Victor"]
[Black "Crea, Vincenzo"]
[Result "1-0"]
[WhiteElo "2500"]
[BlackElo "2195"]
[PlyCount "41"]
[EventDate "1996.12.??"]
[EventType "swiss"]
[EventRounds "9"]
[EventCountry "ITA"]
[SourceTitle "EXT 1998"]
[Source "ChessBase"]
[SourceDate "1997.11.17"]
[SourceVersion "1"]
[SourceVersionDate "1997.11.17"]
[SourceQuality "1"]

1. d4 d5 2. c4 e6 3. Nf3 Nf6 4. Nc3 c6 5. Bg5 Nbd7 6. cxd5 exd5 7. Qc2 Be7 8. e3 Nf8 9. Bd3 g6 10. h4 h5 11. 0-0-0 Be6 12. Bxf6 Bxf6 13. e4 a6 14. Kb1 Qa5 15. exd5 cxd5 16. Rhe1 Kd8 17. Qb3 Kc7 18. Ne5 Rd8 19. Rc1 Bxe5 20. Na4+ Kb8 21. Nc5 1-0